000 01290nam1a22002651 4500
001 rc\4809329
005 20130426135221.0
035 _a(NLR Aleph) 008877235
090 _a8559305
_c8559305
100 _a20130426d1958 |||y0rusy50 ca
101 0 _arus
102 _aRU
105 _a z |||||
200 1 _aБорьба с шумами и действие шума на организм
_eТруды науч. конференции, созв. 21-25 авг. 1956 г. Комис. по акустике Акад. наук СССР и ВНИИ охраны труда ВЦСПС (ЛИОТ)
_e[В 3 вып.
_fРед. коллегия: И.И. Славин (науч. ред.) и др.]. Вып. 1-
210 _aЛенинград
_cЛИОТ
_d1958
215 _d26
606 _aШум и борьба с ним
_jСборники
_2psbo
702 1 _aСлавин
_bИ. И.
_gИлья Ильич
_4340
712 0 2 _aНаучная конференция по проблеме "Борьба с шумами и действие шума на организм" (1956; Ленинград)
712 0 2 _aАН СССР
_bКомиссия по акустике
_3RU\NLR\AUTH\8811695
801 0 _aRU
_bNLR
_gpsbo
801 1 _aRU
_bELAR
_2rusmarc
852 _aNLR
_j59-7/467
942 _cBOOK
980 _aNB